000 02630nas1a22003851i 4500
001 RU\NLR\INFOCOMM\1000039555
005 20240725224707.0
035 _a(NLR Aleph) 002768327
090 _a2295470
_c2295470
100 _a20040221c1977 |||y0rusy50 ca
101 0 _arus
102 _aRU
110 _azyu||||0|y0
200 1 _aГляциология
_fГос. ком. Совета Министров СССР по науке и технике АН СССР. ВИНИТИ
210 _aМ.
_d1977-
225 1 _aИтоги науки и техники
712 0 2 _aВсесоюзный институт научной и технической информации
_bОтдел научных фондов
_4570
801 1 _aRU
_bInfoComm
_c20040221
801 0 _aRU
_bNLR
_gPSBO
852 _aNLR
_jП7/1802
942 _cSE
980 _aRUSPER